000 00528nam a22001937a 4500
003 MPLRDC
005 20220104190511.0
008 210129b ||||| |||| 00| 0 eng d
020 _a978-7-5390-3991-6
082 _a947.415 GMZZ-14
100 _a高木直子 图文
245 _a30分老妈 2
_c陈怡君 译
250 _a一版一刷
260 _a中国
_b江西科学技术出版社
_c2010
300 _b
490 _a人气绘本天后: 11
650 _a漫画--多格 多单元
942 _cBK
_o947.415 GMZZ-14
999 _c63819
_d63809